[Event "Punta del Este Alekhine op"]
[Site "Punta del Este"]
[Date "2020.03.08"]
[Round "5"]
[White "Genta, Alejandro"]
[Black "Hiriart, Guillermo"]
[Result "1-0"]
[WhiteElo "1997"]
[BlackElo "1898"]
[PlyCount "73"]
[EventDate "2020.03.06"]
[EventType "swiss"]
[EventRounds "5"]
[EventCountry "URU"]
[SourceTitle "EXT 2021"]
[Source "ChessBase"]
[SourceDate "2020.10.23"]
[SourceVersion "1"]
[SourceVersionDate "2020.10.23"]
[SourceQuality "1"]

1. d4 d6 2. c4 Nd7 3. e4 e5 4. Nf3 g6 5. Nc3 Bg7 6. d5 Ne7 7. Be2 h6 8. 0-0 0-0 9. Ne1 f5 10. f3 f4 11. Nd3 g5 12. b4 a6 13. c5 Ng6 14. a4 Rf6 15. Ba3 Nh8 16. c6 Nf8 17. cxb7 Bxb7 18. Nf2 h5 19. b5 Nf7 20. bxa6 Bxa6 21. Bxa6 Rxa6 22. Qe2 Qa8 23. Rfc1 Bh6 24. h4 Ng6 25. Rab1 Rb6 26. Rxb6 cxb6 27. Qc4 Bf8 28. Qb5 Qa5 29. Bb4 Qa7 30. Ba3 Ne7 31. Na2 Nh6 32. Nb4 g4 33. Nc6 Nxc6 34. dxc6 Qc7 35. fxg4 hxg4 36. Kf1 Rg6 37. Rb1 1-0

[Event "URU-chTA"]
[Site "Uruguay"]
[Date "2017.07.07"]
[Round "1.2"]
[White "Vaz Lacuesta, Leonardo"]
[Black "Hiriart, Guillermo"]
[Result "1-0"]
[WhiteElo "2134"]
[BlackElo "1942"]
[PlyCount "108"]
[EventDate "2017.07.07"]
[EventType "team-swiss"]
[EventRounds "5"]
[EventCountry "URU"]
[SourceTitle "EXT 2018"]
[Source "ChessBase"]
[SourceDate "2017.10.13"]
[SourceVersion "1"]
[SourceVersionDate "2017.10.13"]
[SourceQuality "1"]
[WhiteTeam "Piratas Tablero"]
[BlackTeam "Urreta"]
[WhiteTeamCountry "URU"]
[BlackTeamCountry "URU"]

1. e4 e5 2. Nf3 Nc6 3. Bb5 Nf6 4. 0-0 d6 5. Re1 a6 6. Bxc6+ bxc6 7. d4 Bg4 8. dxe5 Bxf3 9. Qxf3 dxe5 10. Bg5 Be7 11. Nd2 h6 12. Be3 Qc8 13. Nc4 Qe6 14. b3 Bb4 15. Red1 0-0 16. Rd3 Rfd8 17. Rad1 Rxd3 18. Rxd3 Re8 19. h3 Kh7 20. a3 Bf8 21. Rc3 c5 22. Nd2 Nd7 23. Qe2 Qg6 24. f3 Re6 25. Nc4 Qh5 26. Qd3 Bd6 27. Qe2 Rg6 28. Kf1 Rf6 29. Rd3 Qh4 30. Bf2 Qf4 31. Ne3 h5 32. Nd5 Qc1+ 33. Rd1 Qxa3 34. Nxf6+ Nxf6 35. Qc4 Kg8 36. Qc3 Qb4 37. Qxb4 cxb4 38. Ra1 Kf8 39. Rxa6 Ke7 40. Bh4 Ke6 41. Bxf6 Kxf6 42. Rc6 Ke6 43. Ke2 Kd7 44. Rc4 g5 45. c3 bxc3 46. Rxc3 Ba3 47. Kd3 Bb2 48. Rc5 c6 49. b4 f6 50. Kc4 Bd4 51. Ra5 Ke7 52. Ra6 Kd7 53. b5 cxb5+ 54. Kxb5 h4 1-0

[Event "URU-chT Clubs"]
[Site "Punta del Este"]
[Date "2014.08.25"]
[Round "5.13"]
[White "Arcos Facio, Mateo"]
[Black "Hiriart, Guillermo"]
[Result "1-0"]
[WhiteElo "2198"]
[BlackElo "1957"]
[PlyCount "85"]
[EventDate "2014.08.23"]
[EventType "team-swiss"]
[EventRounds "5"]
[EventCountry "URU"]
[SourceTitle "EXT 2017"]
[Source "ChessBase"]
[SourceDate "2016.10.25"]
[SourceVersion "1"]
[SourceVersionDate "2016.10.25"]
[SourceQuality "1"]

1. e4 d6 2. d4 Nd7 3. Nc3 c6 4. Nf3 Qc7 5. Bc4 e6 6. Qe2 b5 7. Bb3 b4 8. Nd1 a5 9. d5 Nc5 10. dxe6 Bxe6 11. Bxe6 Nxe6 12. 0-0 Nf6 13. b3 Nd7 14. a3 bxa3 15. Bxa3 Be7 16. Ne3 g6 17. Rad1 0-0 18. Nf5 Ndc5 19. Nxe7+ Qxe7 20. Qc4 Nb7 21. Qxc6 Rac8 22. Qb5 Nbc5 23. Rfe1 Rfd8 24. Bb2 Nd7 25. Rd2 Rc5 26. Qa6 Nb8 27. Qd3 Nf4 28. Qd4 f6 29. Qxf6 Qxf6 30. Bxf6 Rd7 31. e5 Ne6 32. exd6 Rf7 33. Rxe6 Nd7 34. Bb2 Rc6 35. Ne5 Nxe5 36. Rxe5 Rd7 37. Red5 a4 38. bxa4 Rb6 39. Be5 Kf7 40. f4 Ke6 41. c4 Rb1+ 42. Kf2 Rc1 43. c5 1-0

[Event "URU-ch sf"]
[Site "Montevideo"]
[Date "2014.03.04"]
[Round "8"]
[White "De Leon, Patricia O"]
[Black "Hiriart, Guillermo"]
[Result "1-0"]
[WhiteElo "1875"]
[BlackElo "2024"]
[PlyCount "115"]
[EventDate "2014.02.28"]
[EventType "swiss"]
[EventRounds "9"]
[EventCountry "URU"]
[SourceTitle "CBM 159 Extra"]
[Source "ChessBase"]
[SourceDate "2014.04.24"]
[SourceVersion "1"]
[SourceVersionDate "2014.04.24"]
[SourceQuality "1"]

1. d4 Nf6 2. c4 c6 3. Nc3 d5 4. cxd5 cxd5 5. Bf4 Nc6 6. e3 a6 7. a3 g6 8. Bd3 Nh5 9. Bg3 Bg7 10. Qb3 e6 11. Nf3 0-0 12. 0-0 Nxg3 13. hxg3 Na5 14. Qa2 b5 15. Rfc1 Bb7 16. Nb1 Qd6 17. Nbd2 Rfc8 18. Nb3 Nxb3 19. Qxb3 f6 20. Rd1 Kh8 21. Bb1 Rc7 22. Ba2 f5 23. Rac1 Rac8 24. Rxc7 Rxc7 25. Ne1 g5 26. Nd3 Bc8 27. Rd2 Bd7 28. Rc2 a5 29. Rc3 Bf6 30. Qc2 Rxc3 31. Qxc3 a4 32. f4 h6 33. Bb1 Kg7 34. Qc5 Qc6 35. Kf2 Qxc5 36. Nxc5 Bc8 37. Bd3 gxf4 38. gxf4 b4 39. axb4 Bd8 40. Nxa4 h5 41. Nc5 Kf6 42. g3 Ke7 43. Be2 h4 44. gxh4 Kd6 45. h5 Bd7 46. Nxd7 Kxd7 47. Bb5+ Ke7 48. Ke2 Kf7 49. Kd3 Bh4 50. Bc6 Bd8 51. b5 Bb6 52. h6 Kg6 53. Bd7 Kxh6 54. Bxe6 Kg6 55. Bxd5 Kf6 56. Kc4 Ke7 57. Bb7 Kd6 58. Bc8 1-0

[Event "URU-ch sf"]
[Site "Montevideo"]
[Date "2014.03.02"]
[Round "5"]
[White "Hiriart, Guillermo"]
[Black "Casas, Nicolas"]
[Result "1-0"]
[WhiteElo "2024"]
[BlackElo "1820"]
[PlyCount "61"]
[EventDate "2014.02.28"]
[EventType "swiss"]
[EventRounds "9"]
[EventCountry "URU"]
[SourceTitle "CBM 159 Extra"]
[Source "ChessBase"]
[SourceDate "2014.04.24"]
[SourceVersion "1"]
[SourceVersionDate "2014.04.24"]
[SourceQuality "1"]

1. e4 d5 2. e5 d4 3. d3 e6 4. f4 c5 5. Nf3 Nc6 6. Nbd2 Nge7 7. Ne4 h6 8. Nd6+ Kd7 9. Nxf7 Qe8 10. Nxh8 Nd5 11. Nh4 Be7 12. N8g6 b5 13. Be2 c4 14. Nxe7 Qxe7 15. Nf3 Qb4+ 16. Kf2 c3 17. b3 Nce7 18. Re1 Nf5 19. Bf1 Qc5 20. g3 Bb7 21. Bh3 Nde3 22. Qe2 Qc6 23. Bxf5 Nxf5 24. a4 b4 25. a5 a6 26. Ra4 g5 27. Rxb4 g4 28. Rxb7+ Qxb7 29. Nh4 Nxh4 30. gxh4 h5 31. Qe4 1-0

[Event "URU-chTA"]
[Site "Punta del Este"]
[Date "2013.08.17"]
[Round "2.24"]
[White "Hiriart, Guillermo"]
[Black "Benoit, Rodrigo"]
[Result "0-1"]
[WhiteElo "2066"]
[BlackElo "1794"]
[PlyCount "73"]
[EventDate "2013.08.16"]
[EventType "team-swiss"]
[EventRounds "5"]
[EventCountry "URU"]
[SourceTitle "EXT 2018"]
[Source "ChessBase"]
[SourceDate "2017.10.13"]
[SourceVersion "1"]
[SourceVersionDate "2017.10.13"]
[SourceQuality "1"]

1. e4 c5 2. Bc4 e6 3. Qe2 Nc6 4. c3 Nge7 5. Bb3 g6 6. f4 Bg7 7. Nf3 0-0 8. 0-0 d5 9. d3 b5 10. Re1 c4 11. Bc2 Bb7 12. d4 dxe4 13. Bxe4 Nd5 14. Be3 Nce7 15. Nbd2 Qc7 16. g3 Nxe3 17. Qxe3 Nd5 18. Qe2 Rfe8 19. Ne5 Rac8 20. Qg2 Re7 21. Rac1 Qb6 22. Bf3 f6 23. Ng4 h5 24. Nf2 Rd8 25. Re2 a5 26. Rce1 Kf7 27. Nde4 b4 28. Nc5 Bc8 29. f5 gxf5 30. Bxh5+ Kf8 31. Qh3 bxc3 32. bxc3 Nxc3 33. Re3 Nb5 34. d5 Qxc5 35. dxe6 Nd4 36. Bf7 Nf3+ 37. Rxf3 0-1

[Event "URU-chTA"]
[Site "Punta del Este"]
[Date "2013.08.17"]
[Round "4.43"]
[White "Hiriart, Guillermo"]
[Black "Bril, Luis"]
[Result "1-0"]
[WhiteElo "2066"]
[BlackElo "1878"]
[PlyCount "109"]
[EventDate "2013.08.16"]
[EventType "team-swiss"]
[EventRounds "5"]
[EventCountry "URU"]
[SourceTitle "EXT 2018"]
[Source "ChessBase"]
[SourceDate "2017.10.13"]
[SourceVersion "1"]
[SourceVersionDate "2017.10.13"]
[SourceQuality "1"]

1. e4 g6 2. d4 d6 3. Nf3 Bg7 4. Bc4 Nf6 5. Qe2 0-0 6. c3 Bg4 7. Nbd2 Nc6 8. h3 Bxf3 9. Nxf3 e5 10. d5 Ne7 11. Bd3 a6 12. a4 Qd7 13. 0-0 Nh5 14. Bc2 Rae8 15. c4 h6 16. Ra3 Nf4 17. Qe3 g5 18. Nh2 b6 19. Bd1 h5 20. Qg3 f6 21. Qf3 Neg6 22. Qg3 Kh7 23. Re1 Bh6 24. Nf1 Rg8 25. Ne3 Ne7 26. f3 Rg7 27. Qh2 Reg8 28. g4 Rh8 29. Nf5 Nxf5 30. exf5 hxg4 31. fxg4 Kg8 32. Bf3 Rgh7 33. Bg2 Bg7 34. Bf1 Rh4 35. Rg3 Qxa4 36. b3 Qd7 37. Ree3 a5 38. Qc2 Kf7 39. Kh2 Ra8 40. Ba3 Rc8 41. Qd2 Bf8 42. Bc1 c6 43. dxc6 Qxc6 44. Bg2 Qc7 45. Qd1 b5 46. Rc3 b4 47. Rc2 Kg7 48. Bxf4 exf4 49. Rd3 d5 50. Kh1 Rd8 51. Rxd5 Rxd5 52. Qxd5 Bc5 53. Rd2 Rh7 54. Qe6 Kf8 55. Qxf6+ 1-0

[Event "Montevideo zt 2.5"]
[Site "Montevideo"]
[Date "2013.04.25"]
[Round "9"]
[White "Lanzilotta Mernies, Marcelo"]
[Black "Hiriart, Guillermo"]
[Result "1/2-1/2"]
[WhiteElo "1980"]
[BlackElo "2049"]
[PlyCount "141"]
[EventDate "2013.04.19"]
[EventType "swiss"]
[EventRounds "9"]
[EventCountry "URU"]
[SourceTitle "CBM 154 Extra"]
[Source "ChessBase"]
[SourceDate "2013.06.25"]
[SourceVersion "2"]
[SourceVersionDate "2013.06.25"]
[SourceQuality "1"]

1. e4 d6 2. d4 Nd7 3. Nf3 c6 4. a4 Ngf6 5. Nc3 Qc7 6. Bc4 e6 7. Bf4 Nh5 8. Be3 g6 9. Qd2 Ndf6 10. Bb3 Ng4 11. Bg5 h6 12. Bh4 Ngf6 13. e5 dxe5 14. dxe5 Nd5 15. 0-0-0 g5 16. g4 Nhf4 17. Bg3 Bb4 18. Bxf4 Nxf4 19. Rhe1 Bd7 20. Re4 Ba5 21. h4 Nd5 22. hxg5 Nxc3 23. bxc3 c5 24. Qd6 Qxd6 25. exd6 Bxc3 26. Rc4 Bg7 27. Rxc5 hxg5 28. Nxg5 Bc6 29. Bxe6 fxe6 30. Nxe6 Bh6+ 31. g5 Kd7 32. Nc7 Raf8 33. gxh6 Rxh6 34. Rg5 Rf7 35. Nb5 a6 36. Nd4 Rxd6 37. Nxc6 Rxd1+ 38. Kxd1 Kxc6 39. Ke2 Rf4 40. a5 Rc4 41. Kd3 Rf4 42. Ke3 Rc4 43. Kd3 Rf4 44. Rg2 Ra4 45. Rg6+ Kc7 46. Rg5 Rf4 47. Ke3 Rc4 48. f4 Rxc2 49. f5 Rc5 50. Rg7+ Kc6 51. Ke4 Rxa5 52. f6 Ra2 53. Ke5 Re2+ 54. Kf5 b5 55. Ra7 Rf2+ 56. Ke6 Kb6 57. Ra8 Kb7 58. Rd8 Re2+ 59. Kf5 Rf2+ 60. Ke5 b4 61. Rd4 a5 62. Rf4 Re2+ 63. Kd6 Rd2+ 64. Kc5 Rd8 65. Kb5 b3 66. Kxa5 Ra8+ 67. Kb5 Kc7 68. f7 b2 69. Rf1 Kd7 70. Kc4 Ke7 71. Kc3 1/2-1/2

[Event "Montevideo zt 2.5"]
[Site "Montevideo"]
[Date "2013.04.22"]
[Round "5"]
[White "Elters, Antoine"]
[Black "Hiriart, Guillermo"]
[Result "1-0"]
[WhiteElo "2236"]
[BlackElo "2049"]
[PlyCount "85"]
[EventDate "2013.04.19"]
[EventType "swiss"]
[EventRounds "9"]
[EventCountry "URU"]
[SourceTitle "CBM 154 Extra"]
[Source "ChessBase"]
[SourceDate "2013.06.25"]
[SourceVersion "2"]
[SourceVersionDate "2013.06.25"]
[SourceQuality "1"]

1. e4 d6 2. d4 Nd7 3. Nf3 c6 4. Nc3 a5 5. a4 e6 6. Bd3 g6 7. Be3 Bg7 8. Qd2 Qb6 9. 0-0 Ne7 10. d5 Nc5 11. e5 Nxd5 12. Nxd5 cxd5 13. Bb5+ Bd7 14. Bxd7+ Kxd7 15. c4 Qb4 16. Qd1 Qxc4 17. exd6 b6 18. Bd4 Bxd4 19. Nxd4 f6 20. Rc1 Qb4 21. Re1 Rhe8 22. Nb5 Rac8 23. Nc7 Kxd6 24. Nxe8+ Rxe8 25. Qf3 f5 26. b3 e5 27. Red1 Qe4 28. Qh3 Re7 29. Kf1 Ke6 30. Qh6 d4 31. Qf8 Qb7 32. f4 Nxb3 33. fxe5 Nxc1 34. Qf6+ Kd5 35. Qd6+ Kc4 36. Rxc1+ Kb3 37. Qxd4 Qe4 38. Rc3+ Ka2 39. Qd2+ Ka1 40. Ra3+ Kb1 41. Qd1+ Kb2 42. Qa1+ Kc2 43. Rc3+ 1-0

[Event "Montevideo zt 2.5"]
[Site "Montevideo"]
[Date "2013.04.20"]
[Round "2"]
[White "Hiriart, Guillermo"]
[Black "Tramutolo, Gustavo"]
[Result "1-0"]
[WhiteElo "2049"]
[BlackElo "1626"]
[PlyCount "85"]
[EventDate "2013.04.19"]
[EventType "swiss"]
[EventRounds "9"]
[EventCountry "URU"]
[SourceTitle "CBM 154 Extra"]
[Source "ChessBase"]
[SourceDate "2013.06.25"]
[SourceVersion "2"]
[SourceVersionDate "2013.06.25"]
[SourceQuality "1"]

1. e4 e5 2. Bc4 Nf6 3. Qe2 Nc6 4. c3 Be7 5. Nf3 0-0 6. Bb3 d5 7. d3 d4 8. 0-0 Re8 9. Ng5 Rf8 10. Nd2 a5 11. a4 b6 12. Nc4 Ng4 13. Nf3 Bf6 14. h3 Nh6 15. Bxh6 gxh6 16. Nh2 Kh8 17. Qh5 dxc3 18. bxc3 Qxd3 19. Qxh6 Qd8 20. Rad1 Qe7 21. Ne3 Be6 22. Nd5 Bxd5 23. Bxd5 Rad8 24. Bxc6 Bg7 25. Qe3 Qe6 26. Bd5 Qg6 27. Qg3 Qh5 28. Qg4 Qh6 29. Qf5 Rd6 30. Ng4 Qh4 31. Kh2 h5 32. g3 Qe7 33. Qxh5+ Kg8 34. Ne3 Rh6 35. Qg4 Qf6 36. Nf5 Rg6 37. Qxg6 Qxg6 38. Ne7+ Kh7 39. Nxg6 fxg6 40. Bb3 Rf3 41. Rc1 Bh6 42. Rc2 Be3 43. Kg2 1-0